Top 20 NBA Players Ever to Wear a Knicks Jersey - Statistics

General Stats
  • This quiz has been taken 24 times
  • The average score is 6 of 20
Answer Stats
Rank Player % Correct
8 Carmelo Anthony
100%
2 Patrick Ewing
90%
4 Walt Frazier
81%
5 Willis Reed
76%
10 Amar'e Stoudemire
38%
7 Bernard King
33%
17 Dave DeBusschere
29%
14 Derrick Rose
29%
1 Jason Kidd
29%
16 Earl Monroe
24%
6 Bob McAdoo
14%
20 Baron Davis
10%
11 Dikembe Mutombo
10%
18 Larry Johnson
10%
3 Tracy McGrady
10%
9 Chauncey Billups
5%
13 Jerry Lucas
5%
12 Penny Hardaway
5%
15 Glen Rice
0%
19 Harry Gallatin
0%
No matching quizzes found
Score Distribution
Percent of People with Each Score
Percentile by Number Answered
Your Score History
You have not taken this quiz